00775 2200253 4500001002100000005001500021035002000036007000300056008004100059020002200100082001200122084001800134100003000152245012300182250001000305260002700315300002100342650001500363700002100378700002300399500007700422990001100499990001100510INLIS00000000000353320090102024955 a0010-0109000078ta090102 g 0 ind  a978-979-1093-43-9 a297.541 a297.541 IBN d0 aIBNU, Qayyim Al- Jauziyah1 aDoa dan Dzikir yang Terangkat Ke Langit /cIbnu Qayyim Al- Jauziyah; penerjemah, Ibnu Abdil Jami; editor, Amir Ghazali acet.1 aSolo :bAl-Wafi,c2015 a225 hlm ;c21 cm 4aISLAM. DOA0 aIBNU, Abdil Jami0 aIBNU, Amir Ghazali aJudul asli: Mukhtasar Al-Wabil Ash-Shayyib wa Rafi Al-Kalim Ath- Thayyib a6830 a a6830 b